Cluster-based extension mediated achievements in improving adoption of critical cultural practices: A comparative analysis (Record no. 51205)

MARC details
000 -LEADER
fixed length control field 00459nam a2200157Ia 4500
100 ## - MAIN ENTRY--AUTHOR NAME
Personal name Suja S Nair
245 #0 - TITLE STATEMENT
Title Cluster-based extension mediated achievements in improving adoption of critical cultural practices: A comparative analysis
260 ## - PUBLICATION, DISTRIBUTION, ETC. (IMPRINT)
Name of publisher Rubber Board Bulletin
Year of publication 2016
300 ## - PHYSICAL DESCRIPTION
Number of Pages 19-Oct
650 ## - SUBJECT ADDED ENTRY--TOPICAL TERM
Topical Term NR sector
650 ## - SUBJECT ADDED ENTRY--TOPICAL TERM
Topical Term RPS
700 ## - ADDED ENTRY--PERSONAL NAME
Personal name Nair R B
700 ## - ADDED ENTRY--PERSONAL NAME
Personal name Rajeevan B
942 ## - ADDED ENTRY ELEMENTS (KOHA)
Koha item type Bibliography STAF
Holdings
Withdrawn status Lost status Damaged status Not for loan Home library Current library Shelving location Date acquired Serial Enumeration / chronology Koha item type
      Bibliography RRII Library RRII Library Rubber general 01/01/2021 Volume 34, Issue 3 Bibliography STAF